00506cam a2200157Ia 4500008004100000020002200041100001800063245008300081260005300164300004500217650002900262650003000291003000100321005001700322040000900339  a0961864419 (pbk.)1 aSeplaki, Les.10aAttorneys' dictionary and handbook of economics and statistics /cLes Seplaki. aNew York :bProfessional Horizons Press,cc1991. a1 v. (various pagings) :bill. ;c28 cm. 0aEconomicsxDictionaries. 0aStatisticsxDictionaries.20230120191420.0 cNUST